Lobing ako forma ovplyvňovania verejných vecí

Vnímanie lobizmu slovenskou spoločnosťou ako nežiadúcu vec. Problém - hranica medzi lobingom a podplácaním. Základné pravidlá lobizmu zakotvené v rokovacom poriadku Európskeho parlamentu. Sam Ward - jeden z najslávnejších lobistov 19. storočia. Podstata "čistého" lobizmu. Aké štandardné nástroje pou...

Ausführliche Beschreibung

Gespeichert in:
Bibliographische Detailangaben
1. Verfasser: Lesáková, Dagmar, 1949-
Format: Buchkapitel
Sprache:Slowakisch
Schlagworte:
Tags: Tag hinzufügen
Keine Tags, Fügen Sie das erste Tag hinzu!

MARC

LEADER 00000naa$a2200000$$$4500
001 0043154
005 20240502071519.0
041 0 |a slo 
044 |a SK 
245 1 0 |a Lobing ako forma ovplyvňovania verejných vecí  |c Dagmar Lesáková 
520 |a Vnímanie lobizmu slovenskou spoločnosťou ako nežiadúcu vec. Problém - hranica medzi lobingom a podplácaním. Základné pravidlá lobizmu zakotvené v rokovacom poriadku Európskeho parlamentu. Sam Ward - jeden z najslávnejších lobistov 19. storočia. Podstata "čistého" lobizmu. Aké štandardné nástroje používajú lobisti. Najtvorivejší lobing v slovenských podmienkach - lobing v oblasti informačných technológií a telekomunikácií. 
610 2 0 |a lobizmus 
610 2 0 |a politika 
610 2 0 |a inštitúcie verejnoprávne 
610 2 0 |a informácie 
100 1 |a Lesáková, Dagmar, 1949-